000 00669nam a2200241 i 4500
001 C2-0222617
003 PPAK
005 20180728151702.0
008 000115s1989 bx |||| ||||| | may d
040 _aPPAK
_beng
_cPPAK
_erda
082 0 4 _a899.23301
_223
090 0 0 _a899.23301
_bRAN
_dKIH
090 0 0 _a899.23301
_bRAN
_dKSA
245 0 0 _aRantau Utara :
_bantologi cerpen
264 1 _aBrunei Darussalam :
_bDewan Bahasa dan Pustaka ,
_c1989
300 _axiii, 282 pages ;
_c21 cm
336 _2rdacontent
_atext
337 _2rdamedia
_aunmediated
338 _2rdacarrier
_avolume
650 1 0 _aShort stories, Malay.
700 _eauthor
942 _ddc
_cB
999 _c143851
_d143851